| 000 | 00579nam a2200181Ia 4500 | ||
|---|---|---|---|
| 005 | 20260429112043.0 | ||
| 008 | 260429s9999||||xx |||||||||||||| ||und|| | ||
| 020 | _a9788199237957 | ||
| 041 | _aHindi | ||
| 082 |
_a155.2 _bYAD |
||
| 100 | _aयादव, अनीता | ||
| 245 | 0 |
_aव्यक्तित्व मनोविज्ञान / _cअनीता यादव |
|
| 250 | _a1st ed. | ||
| 260 |
_aदिल्ली : _bएकैडमिक पब्लिकेशन, _c2025. |
||
| 300 | _a289 p.; Hb | ||
| 650 | _aIndividual Psychology | ||
| 942 | _cTB | ||
| 999 |
_c52105 _d52105 |
||